Library Banner

Man, energy, society (Record no. 52312)

MARC details
000 -LEADER
fixed length control field 00437nam a2200181Ia 4500
001 - CONTROL NUMBER
control field 54956
008 - FIXED-LENGTH DATA ELEMENTS--GENERAL INFORMATION
fixed length control field 140505s9999 xx 000 0 und d
020 ## - INTERNATIONAL STANDARD BOOK NUMBER
International Standard Book Number 0716707241
040 ## - CATALOGING SOURCE
Transcribing agency PK-LaUMT
082 ## - DEWEY DECIMAL CLASSIFICATION NUMBER
Classification number MAL 333.7
Item number COO-M
100 ## - MAIN ENTRY--PERSONAL NAME
Personal name Cook, Earl
245 ## - TITLE STATEMENT
Title Man, energy, society
Statement of responsibility, etc Cook, Earl
260 ## - PUBLICATION, DISTRIBUTION, ETC. (IMPRINT)
Place of publication, distribution, etc San Francisco,USA:
Name of publisher, distributor, etc W. H. Freeman,
Date of publication, distribution, etc 1976
300 ## - PHYSICAL DESCRIPTION
Extent 478 p.
546 ## - LANGUAGE NOTE
Language note EN
650 ## - SUBJECT ADDED ENTRY--TOPICAL TERM
Topical term or geographic name as entry element Power resources
942 ## - ADDED ENTRY ELEMENTS (KOHA)
Koha item type Books
Holdings
Withdrawn status Lost status Damaged status Not for loan Home library Current library Date acquired Total Checkouts Full call number Barcode Date last seen Price effective from Koha item type
        UMT Main Campus UMT Main Campus 2014-05-05   MAL 333.7 COO-M 75933 2014-05-08 2014-05-08 Books